000 00691nam a22002177a 4500
003 UA-OsUOA
001 104826
007 ta
008 20140129b un ||||| |||| 00| 0 ukr d
100 _aРейбедюк Г.Б.
090 _a82
_bР35
942 _cSA
040 _aUA-OsUOA
_bukr
_cUA-OsUOA
_dUA-OsUOA
245 _aВивчення творчості українських поетів-дисидентів
300 _aС.69
955 _a0
041 _aukr
080 _a82
773 0 _w104823
_tУкраїнська мова й література в сучасній школі
_dК.
_d2013
_g12
650 7 _a82 Література. Літературознавство
_2UDC
999 _c391119
_d391119